| 000 | 00688nam0a2200253 4500 | ||
|---|---|---|---|
| 001 | RU\NLR\BIBL_A\012035491 | ||
| 005 | 20250626173210.0 | ||
| 010 | _912050 | ||
| 035 | _a(NLR Aleph) 012035491 | ||
| 090 |
_a13422854 _c13422854 |
||
| 100 | _a20190613d1953 |||y0rusy50 ca | ||
| 101 | 0 | _akir | |
| 102 | _aKG | ||
| 105 | _aa z 000ay | ||
| 200 | 1 |
_aГүлжан _fМ. Токобаев |
|
| 210 |
_aФрунзе _cКыргызмамабас _d1953 |
||
| 215 |
_a92,[3] c., [1] л. ил. _d16 |
||
| 541 | 1 |
_aГульджан _zrus |
|
| 686 | 1 | _aШ6(2=Ки)7-4 | |
| 700 | 1 |
_aТокобаев _bМ. _4070 |
|
| 852 |
_aNLR _bОНЛ _jКирг./2-1434 |
||
| 942 | _cBOOK | ||
| 980 | _aNB | ||